000
00321nam a2200109Ia 4500
008
200302s9999 xx 000 0 und d
100
_a
Iona and Robert opie & Other
245
_a
The Treasures of Child Hood Books, Toys, & Games from the Opie Collection
260
_b
Arcade Publishing
260
_c
1989
300
_a
190 P.,
999
_c
1336
_d
1336